Raiz comovida (Record no. 46164)
[ view plain ]
| 000 -Etiqueta do registo | |
|---|---|
| Valores | 00635cam a2200217 04500 |
| 021 ## - Número do Depósito Legal | |
| Número | 10751/85 |
| 100 ## - Dados gerais de processamento | |
| Dados gerais | 19870701d1987 m y0pory5003 ba |
| 101 0# - Língua de publicação | |
| Língua | por |
| 102 ## - País de publicação | |
| País | PT |
| 200 1# - Titulo e menção de responsabilidade | |
| Título próprio | Raiz comovida |
| Informação de outro título | trilogia romanesca |
| Primeira menção de responsabilidade | Cristóvão de Aguiar |
| 205 ## - Menção da edição | |
| Edição | 2.ª ed. rev. e remod. |
| 210 #9 - Publicação | |
| Local de publicação | Lisboa |
| Nome do editor | Caminho, |
| Data de publicação | cop. 1987 |
| 215 ## - Descrição física | |
| Paginação / Volumes | 491 p. |
| Dimensões | 21 cm |
| 225 2# - Colecção | |
| Título próprio da colecção | O campo da palavra |
| 327 1# - Nota de conteúdo | |
| Texto da nota | Contém : A semente e a seiva, Vindima de fogo e O fruto e o sonho |
| 675 ## - CDU | |
| Notação | 821.134.3-31"19/20" |
| Edição | BN |
| Língua | por |
| 700 #1 - Autor principal | |
| Apelido | Aguiar, |
| Nome | Cristóvão de, |
| Datas | 1940-2021 |
| 801 #0 - Fonte de origem | |
| País | PT |
| Agência | BN |
| Regras de catalogação | RPC |
| 990 ## - Elementos KOHA | |
| Tipo de documento | Livro |
| Aquisição | Empréstimo | Código de barras | Cota | Permissão de empréstimo | Tipo de documento | Nota relativa ao exemplar |
|---|---|---|---|---|---|---|
| Biblioteca Municipal de Redondo | Biblioteca Municipal de Redondo | 057264 | 821.134.3-3 AGU | Livro | oferta de Franklim Amaro Cabreirinha. Obra autografada pelo autor |